[Event "105th British-ch 2018"]
[Site "Hull"]
[Date "2018.07.28"]
[Round "1"]
[White "McMichael, Richard J"]
[Black "Fodor, Tamas Jr"]
[Result "0-1"]
[WhiteElo "2245"]
[BlackElo "2506"]
[Annotator "ChessBase"]
[PlyCount "114"]
[EventDate "2018.07.28"]
[EventType "swiss"]
[EventCountry "GBR"]
[SourceTitle "playchess.com"]
[Source "ChessBase"]
[SourceQuality "1"]
[TimeControl "40/5400+30:1800+30"]

1. b3 {[%emt 0:00:01]} e5 {[%emt 0:00:15]} 2. Bb2 {[%emt 0:00:08]} Nc6 {[%emt 0:00:06]} 3. e3 {[%emt 0:00:11]} Nf6 {[%emt 0:00:06]} 4. Bb5 {[%emt 0:00:07]} Bd6 {[%emt 0:00:12]} 5. Na3 {[%emt 0:00:17]} Na5 {[%emt 0:03:46]} 6. Be2 {[%emt 0:00:50]} c6 {[%emt 0:02:17]} 7. c4 {[%emt 0:02:08]} O-O {[%emt 0:03:08]} 8. Nc2 {[%emt 0:02:38]} c5 {[%emt 0:02:57]} 9. d3 {[%emt 0:00:53]} Nc6 {[%emt 0:00:38]} 10. Nf3 {[%emt 0:00:25]} Bc7 {[%emt 0:01:38]} 11. e4 {[%emt 0:04:26]} a6 {[%emt 0:04:15]} 12. O-O {[%emt 0:00:44]} b5 {[%emt 0:00:14]} 13. Ne3 {[%emt 0:01:26]} b4 {[%emt 0:00:28]} 14. Qd2 {[%emt 0:02:03]} a5 {[%emt 0:00:38]} 15. Bd1 {[%emt 0:00:40]} d6 {[%emt 0:03:40]} 16. Ne1 {[%emt 0:04:14]} Nd4 {[%emt 0:03:18]} 17. f4 {[%emt 0:03:50]} Bd7 {[%emt 0:01:47]} 18. fxe5 {[%emt 0:07:35]} dxe5 {[%emt 0:00:14]} 19. Nf3 {[%emt 0:03:55]} a4 {[%emt 0:05:22]} 20. bxa4 {[%emt 0:03:18]} Bxa4 {[%emt 0:01:06]} 21. Nxd4 {[%emt 0:00:55]} exd4 {[%emt 0:00:48]} 22. Nf5 {[%emt 0:00:33]} g6 {[%emt 0:07:55]} 23. Nh6+ {[%emt 0:07:32]} Kg7 {[%emt 0:01:21]} 24. Be2 {[%emt 0:05:19]} Nd7 {[%emt 0:03:31]} 25. g3 {[%emt 0:02:20]} Bc6 {[%emt 0:03:30]} 26. Rf2 {[%emt 0:01:28]} f6 {[%emt 0:02:07]} 27. Bc1 {[%emt 0:05:39]} Qe7 {[%emt 0:00:53]} 28. Ng4 {[%emt 0:02:46]} Kh8 {[%emt 0:01:28]} 29. Nh6 {[%emt 0:04:19]} Ra6 {[%emt 0:03:42]} 30. Bd1 {[%emt 0:00:56]} Bb7 {[%emt 0:05:04]} 31. Bb2 {[%emt 0:03:29]} Rfa8 {[%emt 0:11:04]} 32. Bb3 {[%emt 0:01:02]} Ne5 {[%emt 0:00:28]} 33. Raf1 {[%emt 0:01:26]} Bc8 {[%emt 0:00:21]} 34. h4 {[%emt 0:07:55]} Bh3 {[%emt 0:03:32]} 35. Re1 {[%emt 0:00:18]} Bd7 {[%emt 0:00:31]} 36. Bc1 {[%emt 0:02:42]} Kg7 {[%emt 0:02:02]} 37. Qe2 {[%emt 0:02:02]} R8a7 {[%emt 0:07:23]} 38. Kg2 {[%emt 0:06:36]} Qe6 {[%emt 0:02:59]} 39. Rh1 {[%emt 0:00:57]} Bc6 {[%emt 0:00:15]} 40. Re1 {[%emt 0:02:51]} Ba4 {[%emt 0:01:27]} 41. Ref1 {[%emt 0:03:32]} Bxb3 {[%emt 0:03:21]} 42. axb3 {[%emt 0:00:17]} Ra2 {[%emt 0:00:27]} 43. Bd2 {[%emt 0:01:05]} Bd8 {[%emt 0:01:34]} 44. h5 {[%emt 0:01:32]} Rb2 {[%emt 0:04:20]} 45. hxg6 {[%emt 0:00:41]} hxg6 {[%emt 0:00:08]} 46. Rh1 {[%emt 0:01:49]} Raa2 {[%emt 0:00:31]} 47. Nf5+ {[%emt 0:00:41]} Kg8 {[%emt 0:00:38]} 48. Nh6+ {[%emt 0:00:55]} Kf8 {[%emt 0:00:57]} 49. Rd1 {[%emt 0:00:27]} Ke8 {[%emt 0:02:01]} 50. Qf1 {[%emt 0:00:40]} Rxb3 {[%emt 0:00:08]} 51. Bf4 {[%emt 0:01:24]} Rxf2+ {[%emt 0:00:53]} 52. Kxf2 {[%emt 0:00:08]} Rb2+ {[%emt 0:00:50]} 53. Kg1 {[%emt 0:00:26]} Ra2 {[%emt 0:01:00]} 54. Rd2 {[%emt 0:01:20]} Rxd2 {[%emt 0:00:45]} 55. Bxd2 {[%emt 0:00:04]} b3 {[%emt 0:00:11]} 56. Kg2 {[%emt 0:00:18]} Nxc4 {[%emt 0:00:26]} 57. dxc4 {[%emt 0:00:21]} Qxe4+ {[%emt 0:00:05]} 0-1

[Event "105th British-ch 2018"]
[Site "Hull"]
[Date "2018.07.28"]
[Round "1"]
[White "Wall, Tim P"]
[Black "Adair, James R"]
[Result "0-1"]
[WhiteElo "2234"]
[BlackElo "2492"]
[Annotator "ChessBase"]
[PlyCount "48"]
[EventDate "2018.07.28"]
[EventType "swiss"]
[EventCountry "GBR"]
[SourceTitle "playchess.com"]
[Source "ChessBase"]
[SourceQuality "1"]
[TimeControl "40/5400+30:1800+30"]

1. e4 {[%emt 0:00:02]} c5 {[%emt 0:00:14]} 2. d4 {[%emt 0:00:09]} cxd4 {[%emt 0:00:06]} 3. c3 {[%emt 0:00:09]} dxc3 {[%emt 0:00:17]} 4. Nxc3 {[%emt 0:00:09]} Nc6 {[%emt 0:00:17]} 5. Nf3 {[%emt 0:00:12]} e6 {[%emt 0:00:20]} 6. Bc4 {[%emt 0:00:11]} a6 {[%emt 0:00:13]} 7. O-O {[%emt 0:00:34]} b5 {[%emt 0:00:11]} 8. Bb3 {[%emt 0:00:36]} Bb7 {[%emt 0:00:28]} 9. Re1 {[%emt 0:03:35]} Bc5 {[%emt 0:01:22]} 10. Bg5 {[%emt 0:01:45]} Be7 {[%emt 0:21:32]} 11. Bf4 {[%emt 0:06:04]} Na5 {[%emt 0:00:16]} 12. Bd5 {[%emt 0:20:47]} exd5 {[%emt 0:21:24]} 13. exd5 {[%emt 0:00:27]} Kf8 {[%emt 0:02:35]} 14. d6 {[%emt 0:11:48]} Bf6 {[%emt 0:02:51]} 15. Nd5 {[%emt 0:06:17]} Bxd5 {[%emt 0:08:20]} 16. Qxd5 {[%emt 0:00:16]} Nc6 {[%emt 0:05:26]} 17. Re2 {[%emt 0:14:44]} g6 {[%emt 0:01:17]} 18. Rae1 {[%emt 0:01:33]} h5 {[%emt 0:05:38]} 19. Ng5 {[%emt 0:15:15]} Bxg5 {[%emt 0:02:31]} 20. Bxg5 {[%emt 0:00:09]} f6 {[%emt 0:00:54]} 21. Re7 {[%emt 0:10:25]} Ngxe7 {[%emt 0:03:55]} 22. dxe7+ {[%emt 0:00:11]} Nxe7 {[%emt 0:00:37]} 23. Qd6 {[%emt 0:00:18]} Rh7 {[%emt 0:02:18]} 24. Bxf6 {[%emt 0:04:46]} Rc8 {[%emt 0:02:28]} 0-1

[Event "105th British-ch 2018"]
[Site "Hull"]
[Date "2018.07.28"]
[Round "1"]
[White "Tozer, Philip Aa"]
[Black "Tan, Justin Hy"]
[Result "0-1"]
[WhiteElo "2142"]
[BlackElo "2481"]
[Annotator "ChessBase"]
[PlyCount "74"]
[EventDate "2018.07.28"]
[EventType "swiss"]
[EventCountry "GBR"]
[SourceTitle "playchess.com"]
[Source "ChessBase"]
[SourceQuality "1"]
[TimeControl "40/5400+30:1800+30"]

1. c4 {[%emt 0:00:04]} c5 {[%emt 0:00:47]} 2. g3 {[%emt 0:00:05]} Nc6 {[%emt 0:00:23]} 3. Bg2 {[%emt 0:00:25]} g6 {[%emt 0:00:12]} 4. Nc3 {[%emt 0:00:49]} Bg7 {[%emt 0:00:09]} 5. Nf3 {[%emt 0:00:14]} d6 {[%emt 0:00:33]} 6. O-O {[%emt 0:00:53]} e6 {[%emt 0:01:40]} 7. d3 {[%emt 0:01:29]} Nge7 {[%emt 0:00:36]} 8. Bg5 {[%emt 0:01:06]} h6 {[%emt 0:01:06]} 9. Bd2 {[%emt 0:00:09]} b6 {[%emt 0:04:16]} 10. Qc1 {[%emt 0:03:00]} Bb7 {[%emt 0:00:21]} 11. a3 {[%emt 0:04:07]} Qd7 {[%emt 0:05:20]} 12. Rb1 {[%emt 0:11:03]} g5 {[%emt 0:05:15]} 13. b4 {[%emt 0:12:10]} Ng6 {[%emt 0:05:04]} 14. h3 {[%emt 0:09:35]} f5 {[%emt 0:06:02]} 15. e3 {[%emt 0:07:50]} Bf6 {[%emt 0:20:41]} 16. Qc2 {[%emt 0:05:39]} h5 {[%emt 0:01:27]} 17. Nh2 {[%emt 0:05:22]} g4 {[%emt 0:10:27]} 18. h4 {[%emt 0:06:23]} Bxh4 {[%emt 0:08:49]} 19. gxh4 {[%emt 0:00:22]} Nxh4 {[%emt 0:00:02]} 20. Bxc6 {[%emt 0:07:19]} Bxc6 {[%emt 0:00:01]} 21. e4 {[%emt 0:01:16]} Qg7 {[%emt 0:05:08]} 22. Kh1 {[%emt 0:02:25]} O-O {[%emt 0:03:49]} 23. Qc1 {[%emt 0:02:59]} Kh7 {[%emt 0:00:57]} 24. Bg5 {[%emt 0:02:20]} Ng6 {[%emt 0:00:15]} 25. f4 {[%emt 0:02:42]} g3 {[%emt 0:03:30]} 26. Rg1 {[%emt 0:02:39]} gxh2 {[%emt 0:03:40]} 27. Kxh2 {[%emt 0:00:05]} Rh8 {[%emt 0:01:51]} 28. Rb2 {[%emt 0:02:55]} Qd4 {[%emt 0:02:18]} 29. Rbg2 {[%emt 0:02:05]} Raf8 {[%emt 0:08:23]} 30. Qd1 {[%emt 0:02:35]} Be8 {[%emt 0:00:11]} 31. Ne2 {[%emt 0:00:53]} Qg7 {[%emt 0:00:01]} 32. Ng3 {[%emt 0:00:39]} h4 {[%emt 0:00:55]} 33. Nh5 {[%emt 0:00:20]} Qd4 {[%emt 0:00:02]} 34. Be7 {[%emt 0:01:20]} Nxe7 {[%emt 0:00:34]} 35. Rg7+ {[%emt 0:00:06]} Kh6 {[%emt 0:00:00]} 36. Qe1 {[%emt 0:03:59]} Bxh5 {[%emt 0:01:22]} 37. Rxe7 {[%emt 0:00:47]} Qf6 {[%emt 0:00:20]} 0-1

[Event "105th British-ch 2018"]
[Site "Hull"]
[Date "2018.07.28"]
[Round "1"]
[White "Longson, Sarah N"]
[Black "Fernandez, Daniel Howard"]
[Result "0-1"]
[WhiteElo "2123"]
[BlackElo "2477"]
[Annotator "ChessBase"]
[PlyCount "78"]
[EventDate "2018.07.28"]
[EventType "swiss"]
[EventCountry "GBR"]
[SourceTitle "playchess.com"]
[Source "ChessBase"]
[SourceQuality "1"]
[TimeControl "40/5400+30:1800+30"]

1. e4 {[%emt 0:00:01]} g6 {[%emt 0:01:33]} 2. d4 {[%emt 0:00:18]} Bg7 {[%emt 0:00:02]} 3. Nf3 {[%emt 0:00:12]} d6 {[%emt 0:00:12]} 4. Bc4 {[%emt 0:00:27]} e6 {[%emt 0:03:03]} 5. Qe2 {[%emt 0:04:21]} Ne7 {[%emt 0:00:14]} 6. Bb3 {[%emt 0:01:15]} h6 {[%emt 0:02:18]} 7. c3 {[%emt 0:00:40]} b6 {[%emt 0:01:21]} 8. Nbd2 {[%emt 0:02:10]} Ba6 {[%emt 0:01:30]} 9. Bc4 {[%emt 0:03:44]} Bb7 {[%emt 0:04:30]} 10. O-O {[%emt 0:09:21]} a6 {[%emt 0:00:58]} 11. Bb3 {[%emt 0:08:52]} Nd7 {[%emt 0:00:28]} 12. Re1 {[%emt 0:02:56]} O-O {[%emt 0:01:51]} 13. Nf1 {[%emt 0:05:17]} c5 {[%emt 0:03:53]} 14. Ng3 {[%emt 0:02:20]} b5 {[%emt 0:07:03]} 15. Bf4 {[%emt 0:09:16]} cxd4 {[%emt 0:03:04]} 16. cxd4 {[%emt 0:00:37]} Qb6 {[%emt 0:01:13]} 17. Qd2 {[%emt 0:05:59]} Kh7 {[%emt 0:00:08]} 18. h4 {[%emt 0:02:09]} Nf6 {[%emt 0:01:27]} 19. Bc2 {[%emt 0:13:04]} Rac8 {[%emt 0:11:31]} 20. Bd3 {[%emt 0:01:26]} Ng4 {[%emt 0:04:33]} 21. a4 {[%emt 0:11:39]} e5 {[%emt 0:00:51]} 22. dxe5 {[%emt 0:02:00]} dxe5 {[%emt 0:00:02]} 23. Be3 {[%emt 0:00:50]} Nxe3 {[%emt 0:00:03]} 24. Qxe3 {[%emt 0:00:33]} Qxe3 {[%emt 0:00:03]} 25. Rxe3 {[%emt 0:00:19]} b4 {[%emt 0:00:02]} 26. h5 {[%emt 0:03:33]} Rfd8 {[%emt 0:00:14]} 27. Ne1 {[%emt 0:03:50]} Bf6 {[%emt 0:00:37]} 28. Rf3 {[%emt 0:01:23]} Kg7 {[%emt 0:00:13]} 29. hxg6 {[%emt 0:01:35]} fxg6 {[%emt 0:00:02]} 30. Nf1 {[%emt 0:00:33]} Nc6 {[%emt 0:01:19]} 31. Ne3 {[%emt 0:01:12]} Nd4 {[%emt 0:00:10]} 32. Rg3 {[%emt 0:00:38]} Nb3 {[%emt 0:00:32]} 33. Rd1 {[%emt 0:00:37]} Bg5 {[%emt 0:01:01]} 34. N1c2 {[%emt 0:02:02]} a5 {[%emt 0:01:04]} 35. f3 {[%emt 0:01:20]} Nd4 {[%emt 0:02:28]} 36. Kf1 {[%emt 0:01:39]} Nxc2 {[%emt 0:02:26]} 37. Nxc2 {[%emt 0:00:07]} Rxd3 {[%emt 0:02:04]} 38. Rxd3 {[%emt 0:00:05]} Ba6 {[%emt 0:00:25]} 39. Ne1 {[%emt 0:00:37]} Bh4 {[%emt 0:00:30]} 0-1

[Event "105th British-ch 2018"]
[Site "Hull"]
[Date "2018.07.28"]
[Round "1"]
[White "Waddington, Mike P"]
[Black "Wells, Peter K"]
[Result "0-1"]
[WhiteElo "2110"]
[BlackElo "2426"]
[Annotator "NA"]
[PlyCount "88"]
[EventDate "2018.07.28"]
[EventType "swiss"]
[EventCountry "GBR"]
[SourceTitle "playchess.com"]
[Source "ChessBase"]
[SourceQuality "1"]
[TimeControl "40/5400+30:1800+30"]

1. Nc3 {[%emt 0:00:03]} c5 {[%emt 0:00:33]} 2. e4 {[%emt 0:00:10]} a6 {[%emt 0:01:27]} 3. a4 {[%emt 0:00:46]} Nc6 {[%emt 0:01:16]} 4. f4 {[%emt 0:01:29]} g6 {[%emt 0:06:46]} 5. Nf3 {[%emt 0:00:27]} Bg7 {[%emt 0:00:04]} 6. Bc4 {[%emt 0:00:27]} e6 {[%emt 0:00:57]} 7. O-O {[%emt 0:01:06]} Nge7 {[%emt 0:01:15]} 8. d3 {[%emt 0:19:02]} d5 {[%emt 0:09:02]} 9. Bb3 {[%emt 0:01:49]} O-O {[%emt 0:09:39]} 10. e5 {[%emt 0:17:36]} f6 {[%emt 0:06:19]} 11. exf6 {[%emt 0:11:07]} Bxf6 {[%emt 0:01:08]} 12. Ne2 {[%emt 0:01:33]} Bd7 {[%emt 0:11:53]} 13. c3 {[%emt 0:02:39]} b5 {[%emt 0:02:09]} 14. Ng3 {[%emt 0:02:57]} b4 {[%emt 0:09:00]} 15. d4 {[%emt 0:07:36]} bxc3 {[%emt 0:02:21]} 16. bxc3 {[%emt 0:00:18]} Qa5 {[%emt 0:00:32]} 17. Ra3 {[%emt 0:06:54]} cxd4 {[%emt 0:09:26]} 18. cxd4 {[%emt 0:00:39]} Qb4 {[%emt 0:00:05]} 19. Bb2 {[%emt 0:03:29]} Rab8 {[%emt 0:07:07]} 20. Rf2 {[%emt 0:05:20]} Rfc8 {[%emt 0:03:41]} 21. Ne5 {[%emt 0:01:44]} Nxe5 {[%emt 0:03:33]} 22. dxe5 {[%emt 0:01:30]} Bh4 {[%emt 0:02:48]} 23. Ba2 {[%emt 0:07:02]} Nf5 {[%emt 0:01:40]} 24. Bxd5 {[%emt 0:01:29]} exd5 {[%emt 0:06:55]} 25. Qxd5+ {[%emt 0:00:07]} Kf8 {[%emt 0:00:03]} 26. Qxd7 {[%emt 0:00:37]} Rd8 {[%emt 0:00:35]} 27. Qxh7 {[%emt 0:01:42]} Rd1+ {[%emt 0:02:24]} 28. Rf1 {[%emt 0:00:21]} Qc5+ {[%emt 0:01:11]} 29. Kh1 {[%emt 0:00:09]} Nxg3+ {[%emt 0:00:45]} 30. hxg3 {[%emt 0:00:10]} Rxf1+ {[%emt 0:00:05]} 31. Kh2 {[%emt 0:00:11]} Bxg3+ {[%emt 0:00:25]} 32. Kxg3 {[%emt 0:01:59]} Qf2+ {[%emt 0:00:05]} 33. Kh2 {[%emt 0:00:53]} Qg1+ {[%emt 0:00:19]} 34. Kg3 {[%emt 0:00:16]} Qf2+ {[%emt 0:00:04]} 35. Kh2 {[%emt 0:00:08]} Qxf4+ {[%emt 0:01:45]} 36. Rg3 {[%emt 0:00:17]} Rxb2 {[%emt 0:00:27]} 37. Qh8+ {[%emt 0:01:24]} Ke7 {[%emt 0:00:07]} 38. Qh7+ {[%emt 0:02:16]} Kd8 {[%emt 0:00:51]} 39. Qh8+ {[%emt 0:00:43]} Kc7 {[%emt 0:00:22]} 40. Qh7+ {[%emt 0:00:14]} Kb8 {[%emt 0:00:34]} 41. Qxg6 {[%emt 0:06:51]} Qxe5 {[%emt 0:02:28]} 42. Qg8+ {[%emt 0:07:42]} Ka7 {[%emt 0:02:47]} 43. Qh7+ {[%emt 0:00:32]} Rb7 {[%emt 0:00:24]} 44. Qd3 {[%emt 0:01:30]} Rg7 {[%emt 0:01:58]} 0-1

[Event "105th British-ch 2018"]
[Site "Hull"]
[Date "2018.07.28"]
[Round "1"]
[White "Sugden, John N"]
[Black "Palliser, Richard Jd"]
[Result "1/2-1/2"]
[WhiteElo "2090"]
[BlackElo "2418"]
[Annotator "NA"]
[PlyCount "140"]
[EventDate "2018.07.28"]
[EventType "swiss"]
[EventCountry "GBR"]
[SourceTitle "playchess.com"]
[Source "ChessBase"]
[SourceQuality "1"]
[TimeControl "40/5400+30:1800+30"]

1. e4 {[%emt 0:00:14]} g6 {[%emt 0:00:11]} 2. d4 {[%emt 0:00:25]} Bg7 {[%emt 0:00:05]} 3. c4 {[%emt 0:01:27]} c5 {[%emt 0:00:59]} 4. d5 {[%emt 0:02:03]} d6 {[%emt 0:00:06]} 5. Nc3 {[%emt 0:01:03]} a6 {[%emt 0:15:16]} 6. a4 {[%emt 0:01:26]} e6 {[%emt 0:01:12]} 7. Bd3 {[%emt 0:02:25]} Ne7 {[%emt 0:01:23]} 8. Nf3 {[%emt 0:07:52]} exd5 {[%emt 0:02:50]} 9. cxd5 {[%emt 0:01:56]} O-O {[%emt 0:09:06]} 10. O-O {[%emt 0:03:35]} Bg4 {[%emt 0:07:15]} 11. h3 {[%emt 0:02:43]} Bxf3 {[%emt 0:00:04]} 12. Qxf3 {[%emt 0:00:24]} Nd7 {[%emt 0:00:06]} 13. Qd1 {[%emt 0:08:19]} h6 {[%emt 0:18:11]} 14. f4 {[%emt 0:11:07]} f5 {[%emt 0:01:44]} 15. exf5 {[%emt 0:02:51]} Nxf5 {[%emt 0:07:22]} 16. Bxf5 {[%emt 0:04:12]} gxf5 {[%emt 0:09:00]} 17. Qd3 {[%emt 0:05:43]} Qb6 {[%emt 0:02:52]} 18. a5 {[%emt 0:15:06]} c4+ {[%emt 0:02:24]} 19. Qe3 {[%emt 0:00:24]} Qxe3+ {[%emt 0:04:36]} 20. Bxe3 {[%emt 0:00:08]} Rae8 {[%emt 0:00:03]} 21. Bf2 {[%emt 0:05:15]} Bxc3 {[%emt 0:06:24]} 22. bxc3 {[%emt 0:00:08]} Nf6 {[%emt 0:00:06]} 23. Ra4 {[%emt 0:05:10]} Re4 {[%emt 0:02:40]} 24. Bd4 {[%emt 0:04:07]} Nxd5 {[%emt 0:00:07]} 25. Rxc4 {[%emt 0:01:13]} Nxc3 {[%emt 0:03:07]} 26. Rxc3 {[%emt 0:00:14]} Rxd4 {[%emt 0:00:02]} 27. Rc7 {[%emt 0:02:47]} Rf7 {[%emt 0:00:33]} 28. Rxf7 {[%emt 0:02:03]} Kxf7 {[%emt 0:00:02]} 29. Rb1 {[%emt 0:00:16]} Ke6 {[%emt 0:02:12]} 30. Rxb7 {[%emt 0:00:17]} Rxf4 {[%emt 0:04:19]} 31. Rb6 {[%emt 0:01:49]} Ra4 {[%emt 0:00:10]} 32. Rxa6 {[%emt 0:00:24]} h5 {[%emt 0:01:09]} 33. Kf2 {[%emt 0:02:21]} h4 {[%emt 0:00:34]} 34. Ra8 {[%emt 0:00:55]} Kd5 {[%emt 0:00:42]} 35. a6 {[%emt 0:03:11]} Kc6 {[%emt 0:00:36]} 36. a7 {[%emt 0:00:53]} Kb7 {[%emt 0:00:40]} 37. Rf8 {[%emt 0:00:51]} Kxa7 {[%emt 0:00:07]} 38. Rxf5 {[%emt 0:00:30]} Kb6 {[%emt 0:00:03]} 39. Rh5 {[%emt 0:01:38]} Kc6 {[%emt 0:00:41]} 40. g4 {[%emt 0:00:42]} hxg3+ {[%emt 0:00:58]} 41. Kxg3 {[%emt 0:00:10]} d5 {[%emt 0:01:43]} 42. Kf3 {[%emt 0:06:27]} Kc5 {[%emt 0:01:04]} 43. Ke2 {[%emt 0:03:19]} Kc4 {[%emt 0:00:15]} 44. Rg5 {[%emt 0:02:26]} Ra3 {[%emt 0:06:46]} 45. h4 {[%emt 0:06:23]} d4 {[%emt 0:08:19]} 46. h5 {[%emt 0:06:58]} Ra2+ {[%emt 0:03:27]} 47. Kd1 {[%emt 0:04:05]} Kc3 {[%emt 0:00:40]} 48. Rc5+ {[%emt 0:03:08]} Kd3 {[%emt 0:00:04]} 49. Kc1 {[%emt 0:00:08]} Rh2 {[%emt 0:05:21]} 50. Rg5 {[%emt 0:01:12]} Rh3 {[%emt 0:01:42]} 51. Re5 {[%emt 0:01:28]} Rh1+ {[%emt 0:01:01]} 52. Kb2 {[%emt 0:00:02]} Kd2 {[%emt 0:00:08]} 53. Rg5 {[%emt 0:00:43]} Rh2 {[%emt 0:02:26]} 54. Kb3 {[%emt 0:01:08]} d3 {[%emt 0:00:14]} 55. h6 {[%emt 0:00:30]} Rxh6 {[%emt 0:01:30]} 56. Rg2+ {[%emt 0:00:08]} Ke3 {[%emt 0:01:06]} 57. Rg3+ {[%emt 0:00:23]} Ke2 {[%emt 0:00:04]} 58. Rg2+ {[%emt 0:01:41]} Kf3 {[%emt 0:00:12]} 59. Ra2 {[%emt 0:00:34]} Rd6 {[%emt 0:02:04]} 60. Kc3 {[%emt 0:00:17]} Ke3 {[%emt 0:00:03]} 61. Rh2 {[%emt 0:00:24]} Rc6+ {[%emt 0:00:07]} 62. Kb2 {[%emt 0:00:21]} Re6 {[%emt 0:03:03]} 63. Kc1 {[%emt 0:00:36]} Rf6 {[%emt 0:00:34]} 64. Rh3+ {[%emt 0:00:21]} Ke2 {[%emt 0:00:14]} 65. Rh2+ {[%emt 0:00:04]} Ke3 {[%emt 0:00:09]} 66. Rh3+ {[%emt 0:00:06]} Kd4 {[%emt 0:00:23]} 67. Rh8 {[%emt 0:00:18]} Rc6+ {[%emt 0:00:21]} 68. Kd2 {[%emt 0:00:18]} Rc2+ {[%emt 0:00:03]} 69. Kd1 {[%emt 0:00:09]} Rc5 {[%emt 0:00:08]} 70. Kd2 {[%emt 0:00:41]} Rc2+ {[%emt 0:00:06]} 1/2-1/2

[Event "105th British-ch 2018"]
[Site "Hull"]
[Date "2018.07.28"]
[Round "1"]
[White "Price, Gwilym"]
[Black "Houska, Jovanka"]
[Result "1-0"]
[WhiteElo "2085"]
[BlackElo "2406"]
[Annotator "NA"]
[PlyCount "83"]
[EventDate "2018.07.28"]
[EventType "swiss"]
[EventCountry "GBR"]
[SourceTitle "playchess.com"]
[Source "ChessBase"]
[SourceQuality "1"]
[TimeControl "40/5400+30:1800+30"]

1. e4 {[%emt 0:00:01]} c6 {[%emt 0:00:11]} 2. d4 {[%emt 0:00:03]} d5 {[%emt 0:00:04]} 3. e5 {[%emt 0:00:06]} Bf5 {[%emt 0:00:54]} 4. h4 {[%emt 0:00:09]} c5 {[%emt 0:01:11]} 5. dxc5 {[%emt 0:01:33]} Nc6 {[%emt 0:00:05]} 6. Nf3 {[%emt 0:04:09]} e6 {[%emt 0:00:23]} 7. Be3 {[%emt 0:00:33]} Nh6 {[%emt 0:00:14]} 8. c3 {[%emt 0:01:07]} Ng4 {[%emt 0:01:02]} 9. Bd4 {[%emt 0:00:39]} Be7 {[%emt 0:04:50]} 10. b4 {[%emt 0:07:43]} f6 {[%emt 0:03:38]} 11. Bb5 {[%emt 0:01:18]} fxe5 {[%emt 0:06:22]} 12. Nxe5 {[%emt 0:02:10]} Ngxe5 {[%emt 0:00:38]} 13. Bxe5 {[%emt 0:00:09]} O-O {[%emt 0:00:09]} 14. Bxc6 {[%emt 0:03:00]} Bxh4 {[%emt 0:29:40]} 15. g3 {[%emt 0:03:36]} Bf6 {[%emt 0:01:16]} 16. Bxf6 {[%emt 0:08:17]} Qxf6 {[%emt 0:00:04]} 17. Bxb7 {[%emt 0:00:45]} Bxb1 {[%emt 0:09:29]} 18. Qd4 {[%emt 0:12:59]} Qf3 {[%emt 0:01:01]} 19. Rh2 {[%emt 0:01:26]} Bd3 {[%emt 0:08:29]} 20. Qe3 {[%emt 0:00:51]} Qxe3+ {[%emt 0:04:38]} 21. fxe3 {[%emt 0:00:05]} Rab8 {[%emt 0:00:02]} 22. Kd2 {[%emt 0:00:34]} Rxb7 {[%emt 0:02:01]} 23. Kxd3 {[%emt 0:00:13]} Rf3 {[%emt 0:00:05]} 24. Rg2 {[%emt 0:01:41]} Kf7 {[%emt 0:03:04]} 25. a4 {[%emt 0:01:10]} a6 {[%emt 0:00:15]} 26. Rb1 {[%emt 0:01:34]} Rc7 {[%emt 0:02:49]} 27. Kd4 {[%emt 0:01:42]} e5+ {[%emt 0:02:46]} 28. Kxd5 {[%emt 0:01:03]} Rxe3 {[%emt 0:00:15]} 29. Kd6 {[%emt 0:00:24]} Re7 {[%emt 0:01:35]} 30. b5 {[%emt 0:02:25]} Rd3+ {[%emt 0:01:02]} 31. Kc6 {[%emt 0:00:05]} Re6+ {[%emt 0:09:30]} 32. Kc7 {[%emt 0:00:55]} axb5 {[%emt 0:01:13]} 33. axb5 {[%emt 0:00:23]} Rxc3 {[%emt 0:00:04]} 34. c6 {[%emt 0:01:28]} e4 {[%emt 0:01:23]} 35. Rd2 {[%emt 0:07:20]} e3 {[%emt 0:03:05]} 36. Rd6 {[%emt 0:02:18]} e2 {[%emt 0:02:10]} 37. Re1 {[%emt 0:01:42]} Re5 {[%emt 0:01:31]} 38. b6 {[%emt 0:00:58]} Rf3 {[%emt 0:01:35]} 39. b7 {[%emt 0:00:28]} Rf1 {[%emt 0:00:36]} 40. Rxe2 {[%emt 0:00:15]} Rxe2 {[%emt 0:00:31]} 41. b8=Q {[%emt 0:00:17]} Re7+ {[%emt 0:00:08]} 42. Rd7 {[%emt 0:00:05] Ke8 [%emt 00:00:45]} 1-0

[Event "105th British-ch 2018"]
[Site "Hull"]
[Date "2018.07.28"]
[Round "1"]
[White "Verma, Aditya"]
[Black "McPhillips, Joseph"]
[Result "0-1"]
[WhiteElo "2084"]
[BlackElo "2402"]
[Annotator "NA"]
[PlyCount "70"]
[EventDate "2018.07.28"]
[EventType "swiss"]
[EventCountry "GBR"]
[SourceTitle "playchess.com"]
[Source "ChessBase"]
[SourceQuality "1"]
[TimeControl "40/5400+30:1800+30"]

1. e4 {[%emt 0:00:02]} e6 {[%emt 0:00:05]} 2. d4 {[%emt 0:00:04]} d5 {[%emt 0:00:05]} 3. exd5 {[%emt 0:00:04]} exd5 {[%emt 0:00:05]} 4. Bf4 {[%emt 0:00:14]} Ne7 {[%emt 0:07:42]} 5. Nf3 {[%emt 0:01:57]} Ng6 {[%emt 0:10:19]} 6. Bg3 {[%emt 0:04:00]} Bd6 {[%emt 0:05:05]} 7. Be2 {[%emt 0:03:45]} O-O {[%emt 0:02:34]} 8. O-O {[%emt 0:00:51]} Nf4 {[%emt 0:01:17]} 9. Bxf4 {[%emt 0:00:42]} Bxf4 {[%emt 0:00:02]} 10. Nbd2 {[%emt 0:05:45]} Nc6 {[%emt 0:33:38]} 11. c3 {[%emt 0:00:42]} Ne7 {[%emt 0:00:40]} 12. Re1 {[%emt 0:01:43]} Ng6 {[%emt 0:00:31]} 13. Bd3 {[%emt 0:24:48]} c6 {[%emt 0:00:40]} 14. Qc2 {[%emt 0:13:39]} Qf6 {[%emt 0:01:01]} 15. g3 {[%emt 0:07:55]} Bd6 {[%emt 0:01:27]} 16. Re3 {[%emt 0:02:28]} c5 {[%emt 0:02:47]} 17. Rae1 {[%emt 0:02:36]} c4 {[%emt 0:04:46]} 18. Bf1 {[%emt 0:00:08]} Bf5 {[%emt 0:00:26]} 19. Qd1 {[%emt 0:03:16]} Qd8 {[%emt 0:02:11]} 20. Bg2 {[%emt 0:01:24]} b5 {[%emt 0:01:19]} 21. h4 {[%emt 0:01:40]} Bg4 {[%emt 0:01:04]} 22. Qc2 {[%emt 0:04:55]} Qd7 {[%emt 0:00:35]} 23. Ng5 {[%emt 0:03:58]} Bf5 {[%emt 0:01:16]} 24. Qc1 {[%emt 0:02:09]} Ne7 {[%emt 0:00:41]} 25. Ndf3 {[%emt 0:05:39]} Nc6 {[%emt 0:04:01]} 26. Nd2 {[%emt 0:04:32]} h6 {[%emt 0:01:17]} 27. Ngf3 {[%emt 0:00:32]} b4 {[%emt 0:00:47]} 28. Nh2 {[%emt 0:01:17]} bxc3 {[%emt 0:01:49]} 29. bxc3 {[%emt 0:00:06]} Ne7 {[%emt 0:00:26]} 30. Nhf3 {[%emt 0:01:27]} Rab8 {[%emt 0:01:03]} 31. Ne5 {[%emt 0:00:36]} Qa4 {[%emt 0:00:26]} 32. g4 {[%emt 0:01:22]} Be6 {[%emt 0:02:59]} 33. g5 {[%emt 0:00:41]} Nf5 {[%emt 0:01:16]} 34. gxh6 {[%emt 0:00:25]} Ba3 {[%emt 0:03:29]} 35. Qa1 {[%emt 0:01:11]} Bb2 {[%emt 0:00:53]} 0-1